00858nam a2200241 i 4500003000900000005001700009007000300026008004100029040003000070082000700100110005300107245011500160264003200275300002600307336002700333337003300360338002800393590002700421910001400448942001300462952012400475999001700599DO-SdBNP20240228090329.0ta130419s1990 dr 000 spa d aDO-SdBNPbspacBNPHUerda 2222 aCorporación Dominicana de Electricidad 93581613aUn mensaje a García. :bpara la reflexión de los hombres y mujeres de esta empresa del pueblo dominicano / 1aSanto Domingo ;bCDE,c1990 a[8] páginasc21 cm. 2rdacontentatextobtxt 2rdamediaasin mediaciónbn 2rdacarrieravolumenbnc aInventariado, 2024/ YL aYLockward 2ddccLF2 00102ddc51708DS-FaBNPHUbBNPHUcCTd2014-02-03eDonado por Manuel Ortizl0p2024-1200r2024-02-28w2024-02-28yLF2 c38237d38237